000 00713nam-a2200193-a-4500
001 YSU0198302
003 AM-YeHGA
005 20250617161118.0
008 991015s1965 xxu 000 0 rus u
040 _aAM-YeHGA
100 1 0 _aШакрыл, А.К.
245 1 0 _aЭпидермис лавровых для диагностики некоторых современных и ископаемых видов /
_cА.К. Шакрыл
260 0 _aТбилиси :
_bМецниереба ,
_c1965.
300 _a78 с.
_cс таб
_c.
550 _aАН ГрССР. Сухумский ботанический сад
650 4 _aПалеоботаника
650 4 _aЭпидермис
090 _c468957
999 _c465754
_d465754